000
00259nam a22001217a 4500
008
181204b xxu||||| |||| 00| 0 eng d
041
_a
eng
080
_a
574
100
_a
9
101
_a
MJE
245
_a
General Ecology
_c
Naughton,S.J.M
942
_2
udc
_c
BK
999
_c
52767
_d
52767